Statistics for Jacksucksatlife channels

Click here to take the quiz!

General Stats

  • This quiz has been taken 10 times
  • The average score is 9 of 18

Answer Stats

Answer% Correct
JackSucksAtLife
100%
JackSucksAtGeography
89%
JackMasseyWelsh
78%
JackSucksAtStuff
67%
SamSmellsOfApricot
67%
ejsafc
56%
JacksEpicYoutubeChannelFullOfFunTimesAndFunHiRickX
56%
JackSucksAtClips
56%
JackSucksAtEspanol
56%
JackSucksAtPopUpPirate
56%
No Context JackSucksAtLife
56%
SamSmellsOfApricots
56%
Don't Subscribe
33%
JACKSEPICYOUTUBECHANNELFULLOFFUNTIMESANDFUNHIR...
33%
turd boi420
33%
i
22%
TDD41
22%
Geography Stuff 🌎
11%

Score Distribution

Percentile by Number Answered

Percent of People with Each Score

Your Score History

You have not taken this quiz